000 nam a22 a 4500
999 _c171828
_d171828
003 BLK
005 20220526130638.0
008 180411b bul|||||r ||||||| ||bul||
010 _aKNG00180119000
040 _aBLK
041 _aBUL
_cBUL
080 _aДруги животни, отглеждани от човека - морско свинче, питомен заек, животни с ценни кожи, слон, змии и др. (не включени в 636.1/.8). Вж и 639.2/.5
_b636.9
_x(497.2)
_z636.9(497.2)
100 1 _aПетров, Петър М.
_eпърви автор
_9339063
139 _aПетров, Петър М.
_bП 47
245 1 0 _aЗаекът в България
_cПетър М. Петров
257 _aBGR
260 _aСофия
_bЗемиздат
_c1966
300 _a152 с.
_bс ил.
_c21 см
380 _a63
500 _aС библиогр. на с. 149-151
650 4 _aЗайци
_9155699
653 _aживотновъдство
653 _aзайци
653 _aБългария
852 _aЦб 36669
856 4 _qpdf
856 4 _qpdf
942 _cKNG
_n0
_s1
944 _aCR
_c21.08.2015
_kХристина_Везирева
944 _aED
_c2022-05-26
_kК.Д.